Модификация структуры и свойств технически чистого алюминия комбинированным методом; Физико-технические проблемы в науке, промышленности и медицине

Bibliografske podrobnosti
Parent link:Физико-технические проблемы в науке, промышленности и медицине.— 2016.— [С. 170-171]
Korporativna značnica: Национальный исследовательский Томский политехнический университет
Drugi avtorji: Шамиева А. Р., Толкачёв О. С. Олег Сергеевич, Петрикова Е. А., Иванов Ю. Ф. Юрий Федорович
Izvleček:Заглавие с экрана
Jezik:ruščina
Izdano: 2016
Serija:Радиационные и пучково-плазменные технологии в науке, технике и медицине
Teme:
Online dostop:http://earchive.tpu.ru/handle/11683/31076
Format: Elektronski Book Chapter
KOHA link:https://koha.lib.tpu.ru/cgi-bin/koha/opac-detail.pl?biblionumber=619240

MARC

LEADER 00000naa2a2200000 4500
001 619240
005 20250507120034.0
035 |a (RuTPU)RU\TPU\conf\17657 
035 |a RU\TPU\conf\17656 
090 |a 619240 
100 |a 20160815d2016 k y0rusy50 ca 
101 0 |a rus 
102 |a RU 
105 |a y z 101zy 
135 |a drgn ---uucaa 
181 0 |a i  
182 0 |a b 
200 1 |a Модификация структуры и свойств технически чистого алюминия комбинированным методом  |f А. Р. Шамиева [и др.] 
203 |a Текст  |c электронный 
225 1 |a Радиационные и пучково-плазменные технологии в науке, технике и медицине 
300 |a Заглавие с экрана 
320 |a [Библиогр.: с. 171 (1 назв.)] 
463 0 |0 (RuTPU)RU\TPU\conf\17455  |t Физико-технические проблемы в науке, промышленности и медицине  |o сборник тезисов докладов VIII Международной научно-практической конференции, г. Томск, 1-3 июня 2016 г.  |f Национальный исследовательский Томский политехнический университет (ТПУ) ; под ред. О. Ю. Долматова [и др.]  |v [С. 170-171]  |d 2016 
610 1 |a труды учёных ТПУ 
610 1 |a электронный ресурс 
610 1 |a модификация 
610 1 |a структуры 
610 1 |a свойства 
610 1 |a алюминий 
610 1 |a комбинированные технологии 
610 1 |a поверхности 
610 1 |a металлы 
610 1 |a сплавы 
701 1 |a Шамиева  |b А. Р. 
701 1 |a Толкачёв  |b О. С.  |c химик-технолог  |c техник Томского политехнического университета  |f 1990-  |g Олег Сергеевич  |3 (RuTPU)RU\TPU\pers\32441 
701 1 |a Петрикова  |b Е. А. 
701 1 |a Иванов  |b Ю. Ф.  |c физик  |c профессор Томского политехнического университета, доктор физико-математических наук  |f 1955-  |g Юрий Федорович  |3 (RuTPU)RU\TPU\pers\28208 
712 0 2 |a Национальный исследовательский Томский политехнический университет  |c (2009- )  |9 26305 
801 2 |a RU  |b 63413507  |c 20160826  |g RCR 
850 |a 63413507 
856 4 |u http://earchive.tpu.ru/handle/11683/31076 
942 |c BK